2000s Movies #2 - Statistics

General Stats
  • This quiz has been taken 57 times
  • The average score is 11 of 16
Answer Stats
Picture Answer % Correct
Finding Nemo
100%
Up
98%
Lord of the Rings
96%
American Psycho
90%
300
84%
Slumdog Millionaire
74%
Inglorious Bastards
66%
The Pursuit of Happiness
64%
Gran Torino
58%
Gangs of NewYork
54%
Memento
54%
The Pianist
54%
Lost in Translation
52%
The Prestige
48%
There Will Be Blood
42%
Children of Men
34%
No matching quizzes found
Score Distribution
Percent of People with Each Score
Percentile by Number Answered
Your Score History
You have not taken this quiz